000 00650nam a2200217Ia 4500
003 OSt
005 20250715092304.0
008 210210b1995 xxu||||| |||| 00| 0 eng d
040 _cAL
041 _aKannada
082 _aK894.1 HARS
100 _aHARIHARA.
_dಹರಿಹರ
_9218718
245 _aSharana charita manasam
_bಶರಣ ಚರಿತ ಮಾನಸಂ
260 _aBengaluru
_bKannada mattu Samskrati Nirdeshanalaya
_c1995
300 _acxci,469
650 _aDevirappa
_9218719
690 _aKannada Poetry
_9218720
700 _aH Devirappa.
_dಹೆಚ್ ದೇವಿರಪ್ಪ
_9218721
906 _a051589
942 _2ddc
_cBK
999 _c99879
_d99879